000 00347nam a22001337a 4500
008 260218b ||||| |||| 00| 0 eng d
020 _a9789951530002
041 _aeng
080 _a2.1
100 _a20.1
101 _aroman
245 _aEpoka para gjyqit Viktimat e Tivarit , Darka e Dreqit, Engjejt e djaj
_cEkrem Kryeziu
942 _2lcc
_cBK
999 _c60817
_d60817